000 00500nam a2200181Ia 4500
005 20250423100342.0
008 250422s9999 xx 000 0 und d
020 _a9780020829
050 _aUA 855 .N54/
100 _aEze, Osita C.
245 0 _aNigeria's security interest in Africa
260 _aLagos, Nigeria
260 _bPrintserve Ltd
260 _c2010
300 _a263 p
650 _a National security--Africa--Congresses. National security--Nigeria--Congresses.
942 _cBK
999 _c33049
_d33049